Foreign Direct Investment Trends, Data Availability, Concepts, and Recording Practices /

Detalles Bibliográficos
Autor principal: Patterson, Neil
Otros Autores: Montanjees, Marie
Formato: eBook
Lenguaje:inglés
Publicado: [Washington]: Internacional Monetary Fund, 2004.
Materias:
Acceso en línea:Acceso restringido

MARC

LEADER 00000nam a22000007a 4500
005 20111003142332.0
008 111003s2004 xxu|||||s|||| 00||0 eng d
020 |a 978-1-58906-347-3 
035 |a 2787 
040 |a vLex 
090 |c 2597  |d 2597 
100 1 |a Patterson, Neil 
245 1 0 |a Foreign Direct Investment  |h [Recurso electrn̤ico] :  |b Trends, Data Availability, Concepts, and Recording Practices /  |c Neil Patterson , Marie Montanjees  
256 |a Servicio en ln̕ea. 
260 |a [Washington]:  |b Internacional Monetary Fund,   |c 2004. 
300 |a 1 recurso electrn̤ico 
506 1 |a Contenido solo disponible en los productos indicados  |d vLex Global  |d vLex Global (Academic Edition, excluding Law Schools)  |d vLex Global (U.S. Academic Edition, Law Schools)  |d vLex Global (U.S. Academic Edition, excluding Law Schools)  |d vLex Global (Academic Edition, Law Schools) 
650 0 4 |a Inversiones  |x Derecho y legislacin̤ 
700 1 |a Montanjees, Marie 
740 0 |a vLex Libros (Servicio en ln̕ea) 
856 4 0 |u http://vlex.com/source/foreign-direct-investment-trends-data-availability-concepts-recording-practices-2787  |z Acceso restringido 
942 |c BOOK